[Event "RSA-chT U20"]
[Site "Cape Town"]
[Date "2016.01.05"]
[Round "3.2"]
[White "Bekker, Wouter"]
[Black "Pretorius, Wiaan"]
[Result "0-1"]
[WhiteElo "1256"]
[BlackElo "1668"]
[PlyCount "48"]
[EventDate "2016.01.04"]
[EventType "team-tourn"]
[EventRounds "7"]
[EventCountry "RSA"]
[SourceTitle "CBM 170 Extra"]
[Source "ChessBase"]
[SourceDate "2016.02.25"]
[SourceVersion "1"]
[SourceVersionDate "2016.02.25"]
[SourceQuality "1"]
[WhiteTeam "Bojanala Platina"]
[BlackTeam "Tshwane"]
[WhiteTeamCountry "RSA"]
[BlackTeamCountry "RSA"]

1. e4 e6 2. d4 d5 3. Nc3 Nf6 4. exd5 exd5 5. Qe2+ Be7 6. Nf3 0-0 7. Qd3 h6 8. Be2 Re8 9. 0-0 Nbd7 10. h3 Nf8 11. Ne5 Bd6 12. Bf4 c5 13. Bg3 cxd4 14. Qxd4 Ne6 15. Qd1 Nc7 16. Nd3 Bxg3 17. fxg3 d4 18. Na4 Ne4 19. Rf3 Qd6 20. b3 b5 21. Nab2 Nc3 22. Qf1 Nxe2+ 23. Kh2 Bb7 24. Rxf7 Qxg3+ 0-1